Posúdenie horľavosti retardovanej celulózy metódou limitného kyslíkového čísla : Diplomová práca

Enregistré dans:
Détails bibliographiques
Auteur principal: Fiala, Michal (Auteur)
Autres auteurs: Palumbíny, Oleg, 1964- (xxx)
Format: Manuscrit Livre
Langue:slovaque
Publié: Trnava : STU v Bratislave MtF KEBI, 2002
Sujets:
Tags: Ajouter un tag
Pas de tags, Soyez le premier à ajouter un tag!

MARC

LEADER 00000ntm a22000003a 4500
001 stu76874
005 20160719155031.0
008 020729s2002----xo------------------slo-d
040 |a STU  |b slo 
041 0 |a slo 
044 |a xo 
100 1 |a Fiala, Michal  |4 aut 
245 1 |a Posúdenie horľavosti retardovanej celulózy metódou limitného kyslíkového čísla :  |b Diplomová práca 
260 |a Trnava :  |b STU v Bratislave MtF KEBI,  |c 2002 
300 |a 73 s  |c abstr. 
650 7 |a retardovaná celulóza  |2 stusub 
650 7 |a podmienky horenia  |2 stusub 
650 7 |a životné prostredie  |2 stusub 
700 1 |a Palumbíny, Oleg,  |d 1964-  |4 xxx  |u M6000  |U MTF Materiálovotechnologická fakulta  |T MTF Ústav aplikovanej informatiky, automatizácie a matematiky  |X 276  |U M6000  |Y 86  |7 A000000276